| 000 | 00871nam a2200277 u 4500 | ||
|---|---|---|---|
| 001 | 67315 | ||
| 005 | 20221027163440.0 | ||
| 008 | 170511s2009 xxk r 000 0 eng d | ||
| 020 | _a9780199594962 | ||
| 040 | _erda | ||
| 041 | 0 | _aeng | |
| 082 | 0 |
_a610.19 _bSAV |
|
| 100 | 1 |
_aSavulescu, Julian, _d1963- _eeditor _94399 |
|
| 245 | 1 | 0 |
_aHuman enhancement / _cedited by Julia Savulescu, Nick Bostrom. |
| 250 | _a[First edition] | ||
| 264 | 1 |
_aUnited Kingdom : _bOxford University Press, _c2009 |
|
| 300 |
_avi, 423 páginas ; _c24 cm. |
||
| 336 |
_atexto _2rdacontent _btxt |
||
| 337 |
_asin medio _2rdamedia _bn |
||
| 338 |
_avolumen _2rdacarrier _bnc |
||
| 650 | 4 |
_aInnovaciones médicas _xAspectos sociales |
|
| 650 | 4 | _aÉtica médica | |
| 650 | 4 |
_aMejora biomédica _xÉtica |
|
| 700 | 1 |
_aBostrom, Nick, _eeditor |
|
| 999 |
_c67315 _d67315 |
||
| 942 |
_h610.19 _iSAV _cLI |
||